Postacie z Rancza - nagła śmierć - Statystyki

Ogólne statystyki
  • Ten quiz został rozwiązany 312 razy
  • Średni wynik to 12 z 14
Answers on the Grid
Answers color-coded by a green-red scale on the quiz's grid according to % correct below.
Lucy Wilska
Siostra Basen
Arnold Boczek
Jakub „Kusy” Sokołowski
Tadeusz Norek
Paweł Kozioł
Marian Paździoch
Piotr Kozioł
Lucjan Mostowiak
Stefan Karwowski
Halina Kozioł
Ferdynand Kiepski
Arkadiusz Czerepach
Karol Krawczyk
Michałowa
Kasia Górka
Leokadia Czerepach
Maria Zięba
Hadziuk
Halina Kiepska
Solejuk
Pietrek
Stanisław Anioł
Stanisław Japycz
Dr Kidler
Maks Skalski
Solejukowa
Wioletka
 
Statystyki odpowiedzi
Odpowiedź % Poprawnych
Lucy Wilska
96%
Jakub „Kusy” Sokołowski
93%
Michałowa
88%
Piotr Kozioł
88%
Solejuk
88%
Solejukowa
88%
Arkadiusz Czerepach
86%
Hadziuk
86%
Paweł Kozioł
86%
Halina Kozioł
85%
Pietrek
85%
Wioletka
84%
Leokadia Czerepach
83%
Stanisław Japycz
82%
Nie znaleziono quizów pasujących do podanych kryteriów
Rozkład punktacji
Procent ludzi z każdym wynikiem
Percentyl według liczby udzielonych odpowiedzi
Twoja historia wyników
Nie rozwiązałeś tego quizu